[Event "GRE-chT Online Rapid op 1st"]
[Site "Tornelo INT"]
[Date "2021.02.21"]
[Round "9.13"]
[White "Apostolou, Alexandros"]
[Black "Tsaknakis, Zisis"]
[Result "0-1"]
[WhiteElo "2060"]
[BlackElo "2236"]
[PlyCount "60"]
[EventDate "2021.02.20"]
[EventType "team-swiss (rapid)"]
[EventRounds "9"]
[EventCountry "GRE"]
[SourceTitle "EXT 2023"]
[Source "ChessBase"]
[SourceDate "2022.10.05"]
[SourceVersion "1"]
[SourceVersionDate "2022.10.05"]
[SourceQuality "1"]

1. e4 c5 2. c3 d6 3. d4 Nf6 4. Bd3 g6 5. Nf3 Bg7 6. 0-0 0-0 7. h3 Nc6 8. Be3 cxd4 9. cxd4 e5 10. Nc3 exd4 11. Nxd4 Re8 12. Re1 Bd7 13. Rc1 a6 14. a3 Ne5 15. f3 Rc8 16. Qd2 b5 17. Nce2 d5 18. Rxc8 Bxc8 19. Nc3 dxe4 20. Nxe4 Nxe4 21. fxe4 Nxd3 22. Qxd3 Bb7 23. Bf2 Qd6 24. b4 Rd8 25. Rd1 Qe5 26. Qe2 Qxe4 27. Qxe4 Bxe4 28. Rd2 f5 29. Be3 Kf7 30. Kf2 f4 0-1